000
00319nam a22001337a 4500
008
250830b |||||||| |||| 00| 0 eng d
020
_a
978-93-90113-30-9
100
_a
R D Hisrich
245
_a
Entrepreneurship 11th Ed.
250
_a
11th
260
_a
India
_b
McGraw Hill
_c
2024
300
_a
558
942
_2
ddc
_c
BK
999
_c
21427
_d
21427